000 01350nam0a2200277 4500
001 rc\2738888
005 20260407074547.0
035 _a(NLR Aleph) 006866092
090 _a6898205
_c6898205
100 _a20110915d1937 |||y0rusy50 ca
101 0 _arus
102 _aRU
105 _ay z |||||
200 1 _aВыставка к 900-летию со дня смерти Авиценны (Абу Али ал-Хусейн ибн Абдаллах ибн Сина). 1037-1937
_e[Проспект]
_fИн-т востоковедения Акад. наук СССР. 2 сессия Асс-ции арабистов 19-23 окт. 1937 г.
210 _aЛенинград
_cИзд-во акад. наук СССР
_d[1937]
_gтип. Акад. наук СССР
215 _a4 с.
_d22х14
702 0 _4280
_7ca
_8rus
_aИбн Сина
_f980-1037
_9118829
_3RU\NLR\AUTH\778950
710 1 2 _aВыставка к 900-летию со дня смерти Авиценны
_eЛенинград
_f1937
_9447827
_3RU\NLR\AUTH\889975457
712 0 2 _aАссоциация арабистов
_bСессия
_d2
_eЛенинград
_f1937
_9576102
_3RU\NLR\AUTH\8810038613
801 0 _aRU
_bNLR
_gpsbo
801 1 _aRU
_bELAR
_2rusmarc
852 _aNLR
_j37-10/4678
852 _aNLR
_jКрI-3896-2
942 _cBOOK
980 _aNB